guess the laufey song no hints #11 - Statistics

General Stats
  • This quiz has been taken 82 times
  • The average score is 44 of 86
Answer Stats
Answer % Correct
I
97%
I
97%
you
90%
you
90%
you
90%
you
90%
the
85%
The
85%
the
85%
The
85%
the
85%
be
78%
to
73%
when
70%
when
70%
when
70%
It
69%
it
69%
and
67%
And
67%
And
67%
and
67%
We
67%
where
67%
where
67%
where
67%
in
66%
like
58%
who
58%
so
57%
then
57%
then
57%
But
54%
But
54%
But
54%
for
52%
or
52%
or
52%
or
52%
that
51%
that
51%
that
51%
this
51%
can't
48%
can't
48%
way
46%
time
45%
were
45%
are
43%
are
43%
are
43%
at
43%
Seem
40%
before
37%
before
37%
before
37%
before
37%
remember
37%
remember
37%
first
36%
seems
36%
seems
36%
knows
34%
Some
34%
we've
33%
we've
33%
again
31%
smile
31%
each
30%
happened
30%
loved
30%
same
30%
smiling
30%
smiling
30%
talked
30%
wore
30%
clothes
28%
clothes
28%
happening
28%
looked
28%
other
28%
stood
28%
things
28%
wearing
28%
laughed
27%
met
27%
No matching quizzes found
Score Distribution
Percent of People with Each Score
Percentile by Number Answered
Your Score History
You have not taken this quiz